| 000 | 00405nam a22001337a 4500 | ||
|---|---|---|---|
| 020 | _a0-309-03753-0 | ||
| 082 |
_a388.314 _bNAT _cD |
||
| 245 |
_aTransportation research record 971 _btraffic capacity and characteristics. _cTRB |
||
| 260 |
_aWashington _bThe World Bank _c1984 |
||
| 300 |
_av, 146 p, : _bill, : _c24 Cm |
||
| 526 |
_a0 _b0 _c0 _d388_314000000000000_NAT |
||
| 650 |
_aMCE _9379 |
||
| 942 |
_2ddc _cBK |
||
| 999 |
_c543314 _d543314 |
||